Stredné hodnoty finančných ukazovateľov ekonomických činností v Slovenskej republike za rok 1998

Gespeichert in:
Bibliographische Detailangaben
Format: Buch
Sprache:Slowakisch
Veröffentlicht: Bratislava Bankové zúčtovacie centrum Slovenska 1999
Schlagworte:
Tags: Tag hinzufügen
Keine Tags, Fügen Sie das erste Tag hinzu!

MARC

LEADER 00000nam a2200000 4500
001 c117658
005 20221102132924.2
041 0 |a slo 
044 |a SK 
245 1 0 |a Stredné hodnoty finančných ukazovateľov ekonomických činností v Slovenskej republike za rok 1998 
264 1 |a Bratislava  |b Bankové zúčtovacie centrum Slovenska  |c 1999 
300 |a Preruš. str. 
610 2 0 |a ukazovatele finančné 
610 2 0 |a aktivita hospodárska 
610 2 0 |a Slovensko 
610 2 0 |a 1998 
610 2 0 |a činnosť hospodárska 
610 2 0 |a analýza finančná